| 000 | 00601nam a22001937a 4500 | ||
|---|---|---|---|
| 005 | 20161206130603.0 | ||
| 010 | _aENG-116748 | ||
| 020 |
_a9788184846324 _c1080.00 |
||
| 035 | _aEN-100280 | ||
| 037 | _bDBAD/PUB | ||
| 082 | _a346.54074 | ||
| 100 | _dNagta, Sandeep | ||
| 245 |
_aLaw relating to conditions and warranty / _cby Sandeep Nagta |
||
| 260 |
_aNew Delhi _bRegal Publications _c2017 |
||
| 270 |
_aF-159 Rajouri Garden _bNew Delhi _e110027 |
||
| 300 |
_ax,230p. _c23cm(Hb) |
||
| 500 | _aIncludes bibliographical references and index | ||
| 942 |
_2ddc _cEN _h346.54074 _mNAG |
||
| 999 |
_c104988 _d104988 |
||